Google-Jahresrückblick 2025 (Memes) - Statistiken

Allgemein
  • Dieses Quiz wurde 92 mal gespielt
  • Das Durchschnittsergebnis liegt bei 4 aus 10
Antwortstatistiken
Bildquiz Antwort % Korrekt
Chill Guy
68%
Ralf Schumacher
67%
Conni
66%
67
59%
Trump
53%
JD Vance
40%
Doakes
27%
Lizard
20%
Hyperpigmentation
14%
Ibiza Final Boss
6%
Keine übereinstimmenden Quizze gefunden
Verteilung der Resultate
Anzahl Personen mit jedem Resultat
Perzentil nach korrekt beantworteten Fragen
Ihre Resultats-Entwicklung
Sie haben dieses Quiz noch nicht gespielt